<?xml version="1.0" encoding="UTF-8"?>
<record
    xmlns:xsi="http://www.w3.org/2001/XMLSchema-instance"
    xsi:schemaLocation="http://www.loc.gov/MARC21/slim http://www.loc.gov/standards/marcxml/schema/MARC21slim.xsd"
    xmlns="http://www.loc.gov/MARC21/slim">

  <leader>00869cam a2200313 i 4500</leader>
  <controlfield tag="001">  1039323704004786</controlfield>
  <controlfield tag="003">YEEZEN</controlfield>
  <controlfield tag="005">20250711142348.0</controlfield>
  <controlfield tag="008">250328s2024    ch            000 edchi d</controlfield>
  <datafield tag="020" ind1=" " ind2=" ">
    <subfield code="a">9786263585539</subfield>
    <subfield code="q">(&#x5E73;&#x88DD;)</subfield>
  </datafield>
  <datafield tag="040" ind1=" " ind2=" ">
    <subfield code="a">NTU</subfield>
    <subfield code="b">chi</subfield>
    <subfield code="e">rda</subfield>
    <subfield code="c">NTU</subfield>
  </datafield>
  <datafield tag="042" ind1=" " ind2=" ">
    <subfield code="a">nbic</subfield>
  </datafield>
  <datafield tag="066" ind1=" " ind2=" ">
    <subfield code="a">$1</subfield>
  </datafield>
  <datafield tag="084" ind1=" " ind2=" ">
    <subfield code="a">863.55</subfield>
    <subfield code="2">ncsclt</subfield>
  </datafield>
  <datafield tag="090" ind1=" " ind2=" ">
    <subfield code="a">863.55</subfield>
  </datafield>
  <datafield tag="100" ind1="1" ind2=" ">
    <subfield code="a">&#x5F35;&#x897F;,</subfield>
    <subfield code="d">1992-</subfield>
    <subfield code="4">aut.</subfield>
  </datafield>
  <datafield tag="245" ind1="1" ind2="0">
    <subfield code="a">&#x6709;&#x6642;&#x5E78;,&#x6709;&#x6642;&#x50B7;   </subfield>
    <subfield code="c">&#x5F35;&#x897F;&#x8457;</subfield>
  </datafield>
  <datafield tag="250" ind1=" " ind2=" ">
    <subfield code="a">&#x521D;&#x7248;</subfield>
  </datafield>
  <datafield tag="260" ind1=" " ind2=" ">
    <subfield code="a">&#x53F0;&#x5317;&#x5E02; :</subfield>
    <subfield code="b">&#x4E09;&#x91C7;&#x6587;&#x5316;&#x767C;&#x884C;</subfield>
    <subfield code="c">2024.12</subfield>
  </datafield>
  <datafield tag="264" ind1=" " ind2="1">
    <subfield code="a">[&#x81FA;&#x7063;] :</subfield>
    <subfield code="b">[&#x51FA;&#x7248;&#x8005;&#x4E0D;&#x8A73;],</subfield>
    <subfield code="c">2024.12</subfield>
  </datafield>
  <datafield tag="264" ind1=" " ind2="2">
    <subfield code="a">&#x53F0;&#x5317;&#x5E02; :</subfield>
    <subfield code="b">&#x4E09;&#x91C7;&#x6587;&#x5316;&#x767C;&#x884C;</subfield>
  </datafield>
  <datafield tag="300" ind1=" " ind2=" ">
    <subfield code="a">335&#x9762; ;</subfield>
    <subfield code="c">20&#x516C;&#x5206;</subfield>
  </datafield>
  <datafield tag="336" ind1=" " ind2=" ">
    <subfield code="a">&#x6587;&#x5B57;</subfield>
    <subfield code="b">txt</subfield>
    <subfield code="2">rdacontent.</subfield>
  </datafield>
  <datafield tag="337" ind1=" " ind2=" ">
    <subfield code="a">&#x7121;&#x5A92;&#x4ECB;</subfield>
    <subfield code="b">n</subfield>
    <subfield code="2">rdamedia.</subfield>
  </datafield>
  <datafield tag="338" ind1=" " ind2=" ">
    <subfield code="a">&#x6210;&#x518A;</subfield>
    <subfield code="b">nc</subfield>
    <subfield code="2">rdacarrier.</subfield>
  </datafield>
  <datafield tag="490" ind1="0" ind2=" ">
    <subfield code="a">&#x611B;&#x5BEB; ;</subfield>
    <subfield code="v">62.</subfield>
  </datafield>
  <datafield tag="650" ind1=" " ind2="7">
    <subfield code="a">&#x6563;&#x6587;.</subfield>
    <subfield code="2">lcstt.</subfield>
  </datafield>
  <datafield tag="942" ind1=" " ind2=" ">
    <subfield code="2">ccl</subfield>
    <subfield code="c">BOOK</subfield>
  </datafield>
  <datafield tag="999" ind1=" " ind2=" ">
    <subfield code="c">7655</subfield>
    <subfield code="d">7655</subfield>
  </datafield>
  <datafield tag="952" ind1=" " ind2=" ">
    <subfield code="0">0</subfield>
    <subfield code="1">0</subfield>
    <subfield code="2">ccl</subfield>
    <subfield code="4">0</subfield>
    <subfield code="7">0</subfield>
    <subfield code="a">yeezen</subfield>
    <subfield code="b">yeezen</subfield>
    <subfield code="c">YEEZEN</subfield>
    <subfield code="d">2025-07-11</subfield>
    <subfield code="l">1</subfield>
    <subfield code="o">863.55</subfield>
    <subfield code="p">C03244</subfield>
    <subfield code="r">2025-08-08 00:00:00</subfield>
    <subfield code="s">2025-07-25</subfield>
    <subfield code="w">2025-07-11</subfield>
    <subfield code="y">BOOK</subfield>
    <subfield code="z">&#x7576;&#x547D;&#x904B;&#x77ED;&#x6642;&#x9593;&#x5167;,&#x4E0D;&#x65B7;&#x53D6;&#x8D70;&#x751F;&#x547D;&#x539F;&#x6709;&#x7684;&#x8C50;&#x76DB;&#xFF1B; &#x7576;&#x5931;&#x53BB;,&#x4EE5;&#x60B2;&#x50B7;&#x7684;&#x6A23;&#x8C8C;&#x983B;&#x7E41;&#x4F86;&#x5230;,&#x9084;&#x80FD;&#x5E78;&#x798F;&#x5982;&#x5E38;&#x55CE;? &#x88AB;&#x547D;&#x904B;&#x72E0;&#x72E0;&#x5283;&#x50B7;&#x7684;&#x4F60;&#x6211;,&#x65B0;&#x751F;&#x7684;&#x90A3;&#x5C64;&#x76AE;,&#x7C89;&#x5AE9;&#x800C;&#x8D64;&#x88F8;&#x3002; &#x65B0;&#x751F;&#x76AE;&#x56CA;&#x627F;&#x8F09;&#x8457;&#x820A;&#x50B7;&#x7684;&#x7E6D;,&#x7E7C;&#x7E8C;&#x4E00;&#x53E3;&#x4E00;&#x53E3;&#x9AD4;&#x6703;&#x3002; &#x751F;&#x547D;&#x7684;&#x5E78;&#x8207;&#x50B7;&#x3002;</subfield>
  </datafield>
</record>
